=LDR 00000nam 2200000 4500 =001 INLIS000000000016827 =005 20130612112050 =008 ***********************************Ind** =035 ##$$0010-061300000016827 =041 ##$$a Ind =082 ##$$a 813 =090 ##$$a 813, Sen r =100 ##$$a Senja, Pipit =245 ##$$a Rembulan sepasi, Pipit Senja =260 ##$$a 2002 $b Jakarta =300 ##$$a 128 hlm, ilus, 17 cm =650 ##$$a Kumpulan Cerpen =850 ##$$a NBPNMAT